| 000 | 01352cam a2200337 4500 | ||
|---|---|---|---|
| 001 | 11912 | ||
| 005 | 20230404125642.0 | ||
| 008 | 060907s2001 cl a spa | ||
| 020 | _a9213218761 | ||
| 035 | _9funglode12007 | ||
| 086 | _aLC/L.1574-P | ||
| 041 | _aspa | ||
| 050 | 1 | 4 | _aCD F |
| 100 | 1 | _aEscobar Latapí, Agustín | |
| 245 | 1 | 0 |
_aNuevos modelos económicos : _bnuevos sistemas de movilidad social / _cAgustín Escobar Latapí; Comisión Económica para América Latina y el Caribe. |
| 246 | 3 | 0 | _aNuevos sistemas de movilidad social |
| 260 |
_aSantiago de Chile : _bNaciones Unidas, Comisión Económica para America Latina y el Caribe - CEPAL, División de Desarrollo Social, _c2001 |
||
| 300 |
_a56 p. : _bil. ; _c28 cm. |
||
| 440 | 0 |
_aSerie políticas sociales ; _v50 |
|
| 500 | _aNúmero de ventas (UN): S.01.II.G.117 | ||
| 650 | 0 |
_aFinancial crises _zMexico. |
|
| 650 | 0 |
_aLabor market _zMexico. |
|
| 650 | 0 |
_aSocial mobility _zMexico. |
|
| 651 | 4 |
_aCrisis financiera _zMéxico. |
|
| 650 | 4 |
_aMercado laboral _zMéxico. |
|
| 650 | 4 |
_aMovilidad social _zMéxico. |
|
| 650 | 4 | _aCEPAL | |
| 710 | 2 |
_aUnited Nations. _bEconomic Commission for Latin America and the Caribbean. _bSocial Development Division. |
|
| 710 | 2 |
_aComisión Económica para America Latina y el Caribe. _bDivisión de Desarrollo Social |
|
| 942 |
_2lcc _ccd |
||
| 999 |
_c1908 _d1908 |
||